| 000 | 00814nam a2200325Ia 4500 | ||
|---|---|---|---|
| 001 | 3635 | ||
| 005 | 20240113233639.0 | ||
| 007 | ta | ||
| 008 | 170615s1939 ii g b000 u 465 u | ||
| 020 | _a0 19 853349 7 | ||
| 040 | _aCotton College,Assam | ||
| 041 | _a465 | ||
| 082 |
_a512.84 _bT 53 T |
||
| 100 | _aTitchmarsh, E.C. . | ||
| 245 | 0 |
_aA Theory of Functions / _cE.C. Titchmarsh. _hTextual Documents |
|
| 250 | _a2nd ed. / | ||
| 260 |
_aNew York : _bOxford university , _c1939. |
||
| 300 |
_ax, 452p. ; _c22cm. |
||
| 504 | _aBib., Index | ||
| 653 | _aMathematics | ||
| 653 | _aFunctions | ||
| 653 | _aPG-Economics | ||
| 653 | _aT/G-Mathematics | ||
| 942 |
_2ddc _cBK |
||
| 999 |
_c3623 _d3623 |
||